Movies Quiz

Random Movies or Actress Quiz
Score 0/64 Timer 12:00
3 Plays Today
Hint Answer % Correct
Django UnchainedJamie Foxx
89%
Django UnchainedLeonardo DiCaprio
87%
Kung Fu Panda 2Jack Black
85.5%
Bruce AlmightyJim Carrey
85.3%
ArmageddonBruce Willis
81.8%
Horrible Bosses 2Jennifer Aniston
80.6%
Bruce AlmightyJennifer Aniston
80.6%
ThorChris Hemsworth
78.2%
ArmageddonBen Affleck
73.7%
The Monuments MenGeorge Clooney
69.8%
FoxcatcherSteve Carell
69.7%
American HustleChristian Bale
69.2%
Point BreakKeanu Reeves
68.9%
Bruce AlmightyMorgan Freeman
68.7%
American HustleAmy Adams
68.6%
American HustleBradley Cooper
68.1%
Django UnchainedChristoph Waltz
64.7%
ThorNatalie Portman
63%
Apocalypse NowMartin Sheen
63%
Hot FuzzMartin Freeman
62.6%
Horrible Bosses 2Jason Bateman
61.4%
ArmageddonLiv Tyler
61.3%
Hot FuzzSimon Pegg
61.3%
Apocalypse NowMarlon Brando
61.1%
Funny PeopleAdam Sandler
61%
Point BreakPatrick Swayze
58.7%
The Monuments MenMatt Damon
56%
FoxcatcherChanning Tatum
49.8%
Kung Fu Panda 2Angelina Jolie
48.7%
ThorTom Hiddleston
43.3%
Funny PeopleSeth Rogen
42.8%
Horrible Bosses 2Charlie Day
41.4%
Hint Answer % Correct
American HustleJeremy Renner
41.3%
FoxcatcherMark Ruffalo
38.5%
ThorAnthony Hopkins
38.3%
Django UnchainedKerry Washington
38.1%
Apocalypse NowRobert Duvall
37.8%
TrollsJustin Timberlake
34.9%
Horrible Bosses 2Jason Sudeikis
32.6%
The Monuments MenBill Murray
31.9%
Kung Fu Panda 2Dustin Hoffman
30.5%
TrollsAnna Kendrick
28.9%
ArmageddonBilly Bob Thornton
26.4%
The CroodsNicolas Cage
26.1%
The CroodsEmma Stone
23.8%
Point BreakGary Busey
21.3%
RocknRollaGerard Butler
21.1%
Funny PeopleLeslie Mann
20.8%
The Monuments MenCate Blanchett
17%
Kung Fu Panda 2Gary Oldman
14.4%
Hot FuzzBill Nighy
13.8%
The CroodsRyan Reynolds
13.1%
Funny PeopleEric Bana
12.2%
Hot FuzzRobert Popper
11.7%
Point BreakLori Petty
11.2%
TrollsChristopher Mintz-Plasse
10.5%
RocknRollaMark Strong
9%
TrollsZooey Deschanel
8.1%
RocknRollaThandie Newton
7.5%
FoxcatcherSienna Miller
6.5%
RocknRollaTom Wilkinson
6.5%
The CroodsCatherine Keener
4%
Apocalypse NowFrederic Forrest
4%
Bruce AlmightyPhilip Baker Hall
3.8%
Remove Ads.
Support Sporcle.
Get the best of Sporcle when you Go Orange. This ad-free experience offers more features, more stats, and more fun while also helping to support Sporcle. Thank you for becoming a member.

You're not logged in!

Compare scores with friends on all Sporcle quizzes.
OR
Log In

Show Comments

Extras

Top Quizzes Today


Score Distribution

Your Account Isn't Verified!

In order to create a playlist on Sporcle, you need to verify the email address you used during registration. Go to your Sporcle Settings to finish the process.

Report this User

Report this user for behavior that violates our Community Guidelines.

Details: